000 00565nam a2200193 b 4500
001 bimo0000304977
003 OSt
005 20141212111120.0
008 930108s1982 sp | |||| ||spa d
020 _a84-85244-09-5
040 _cBMC
082 _a863.5
100 1 _aMiranda García, Soledad
_928390
245 1 0 _aReligión y clero en la gran novela española del siglo XIX
_cSoledad Miranda García
260 _aMadrid
_bPegaso
_cD.L. 1982
300 _a281 p.
_c21 cm
650 2 4 _aNovela española
_yS.XIX
_xHistoria y crítica
_928391
942 _2ddc
_cBK
999 _c15805
_d15805